000 01018nam a22002055i 4500
001 155954
003 ES-MaACL
005 20230906210250.0
008 040903s1897 sp |||| | spa d
040 _aCAM
_bspa
_cCAM
080 _a378.5(460.283 C.)(060.55)
110 2 _aInstituto de Segunda Enseñanza de Cuenca.
_95008
245 1 0 _aMemoria del Instituto de 2ª Enseñanza de Cuenca
_b: leida en la apertura del curso de 1896 á 97 /
_cpor Manuel Marín y Magallón.
260 _aCuenca :
_b[s.n.],
_c1897 (
_fImprenta de Celedonio León)
300 _a56 p. ;
_c21 cm.
500 _aTodos los datos de la descripción tomados de la cub. original pues la port. de este ejemplar es de la "Memoria ... curso de 1895 á 96 ...", 1896, correspondiendose el texto con la cub.
610 2 4 _aInstituto de Segunda Enseñanza de Cuenca-
_vMemorias.
_9144976
700 1 _aMarín y Magallón, Manuel.
_9129681
852 _aES-MaACL
_jT-867-F-7
_z-- Enc. hol. conservando la cub. original
_z-- Enc. en un vol. facticio
999 _c155954
_d155954